000 00986nas a2200349 4500
001 BR0701470
003 BR-BrBNA
005 20231205110647.0
007 ta
008 230509b bl.|||p| |||| 00| 00por d
040 _aBR-BrBNA
_bpor
_cBiblioteca Nacional de Agricultura
041 _a(Pt)
072 _aL02; Q04
100 1 _aMurakami, A.E.
100 1 _aSakamoto, M.I.
100 1 _aSouza, L.M.G. de
100 1 _aFrango, J.R.G.
100 1 _aMiuo, M.A.O.
245 1 _aDeterminação do melhor nível de sal comum para codornas japonesas em postura
650 _aCODORNA
650 _aSAL
650 _aDIETA
650 _aRAÇÃO
650 _aPERFORMANCE
650 _aOVO
650 _aQUALIDADE
650 _aMETODO ESTATÍSTICO
650 _aPRODUTIVIDADE
773 0 _tRevista Brasileira de Zootecnia (Brazil)
_xISSN 1516-3598
_g(Nov-Dec 2006), v. 35(6) p. 2333-2337
_wBR0701470
909 _a202311
_bLúcia
_c55
_dLúcia Elande
942 _2AGRIS
_n0
_cANA
999 _c188417
_d188417